[Event "GER-ch 75th"]
[Site "Hoeckendorf"]
[Date "2004.02.02"]
[Round "4"]
[White "Meins, Gerlef"]
[Black "Bischoff, Klaus"]
[Result "0-1"]
[WhiteElo "2460"]
[BlackElo "2561"]
[EventDate "2004.01.30"]
[PlyCount "146"]

1. d4 e6 2. Nf3 Nf6 3. g3 d5 4. Bg2 b5 5. O-O Nbd7 6. Nbd2 Bb7 7. a4 b4 8. a5 Rc8 9. a6 Ba8 10. c4 bxc3 11. bxc3 c5 12. c4 Be7 13. Bb2 O-O 14. e3 dxc4 15. Nxc4 Bd5 16. Nfe5 cxd4 17. Bxd5 exd5 18. Nxd7 dxc4 19. Nxf6+ Bxf6 20. Bxd4 Bxd4 21. Qxd4 Qxd4 22. exd4 Rfd8 23. Rfd1 Rd6 24. Kg2 Kf8 25. Ra5 c3 26. d5 Rb6 27. Rc1 Ke7 28. Ra3 c2 29. Ra2 Kd6 30. Raxc2 Rxc2 31. Rxc2 Rxa6 32. Rc8 Kxd5 33. Rc7 Ke6 34. g4 h6 35. Kg3 g6 36. f3 Kf6 37. h4 Ra2 38. Rb7 Ra5 39. Rc7 Ke6 40. Rb7 h5 41. gxh5 gxh5 42. Rc7 Kf6 43. Rb7 Kg6 44. Rc7 f6 45. Rd7 Ra4 46. Rc7 Ra1 47. Kf4 Ra5 48. Kg3 a6 49. Ra7 Ra4 50. Ra8 a5 51. Ra6 Kf5 52. Ra8 Ra2 53. Rh8 Kg6 54. Rg8+ Kh7 55. Ra8 Ra4 56. Ra7+ Kg6 57. Ra6 Ra1 58. Ra8 a4 59. Ra7 a3 60. Kf4 a2 61. Ra8 Rh1 62. Rxa2 Rxh4+ 63. Kg3 Rb4 64. Ra5 h4+ 65. Kh3 f5 66. Ra8 Kg5 67. Rh8 Rb1 68. Kg2 Rb2+ 69. Kf1 Ra2 70. Rh7 Kf4 71. Rxh4+ Kg3 72. Rh8 f4 73. Rb8 Ra3 0-1

[Event "GER-ch 75th"]
[Site "Hoeckendorf"]
[Date "2004.02.02"]
[Round "4"]
[White "Ott, Frank"]
[Black "Wegener, Olaf"]
[Result "1-0"]
[WhiteElo "2313"]
[BlackElo "2404"]
[EventDate "2004.01.30"]
[PlyCount "67"]

1. e4 c5 2. Nf3 d6 3. d3 Nc6 4. g3 g6 5. Bg2 Bg7 6. O-O e5 7. Nc3 Nge7 8. Nd2 Be6 9. Nc4 Qd7 10. a4 h5 11. Nd5 f6 12. c3 h4 13. Qe2 Nd8 14. a5 Nf7 15. Be3 Nxd5 16. exd5 Bf5 17. b4 cxb4 18. cxb4 Bh6 19. a6 Bxe3 20. axb7 Qxb7 21. fxe3 hxg3 22. e4 Bh3 23. Rxf6 Qxb4 24. hxg3 Qc5+ 25. Qf2 Qxf2+ 26. Kxf2 Ke7 27. Rxg6 Bd7 28. Bf3 Rad8 29. Bh5 Rhf8 30. Ke3 Rg8 31. Rxg8 Rxg8 32. Bxf7 Rxg3+ 33. Kf2 Rxd3 34. Rxa7 1-0

[Event "GER-ch 75th"]
[Site "Hoeckendorf"]
[Date "2004.02.02"]
[Round "4"]
[White "Preiss, Martin"]
[Black "Bastian, Herbert"]
[Result "0-1"]
[WhiteElo "2304"]
[BlackElo "2384"]
[EventDate "2004.01.30"]
[PlyCount "108"]

1. c4 Nf6 2. g3 g6 3. Bg2 Bg7 4. Nc3 d6 5. d4 O-O 6. Nf3 Nbd7 7. O-O c6 8. Qc2 Qa5 9. h3 e5 10. Rd1 Re8 11. e4 Nf8 12. dxe5 dxe5 13. Rb1 Qc5 14. Bf1 Nh5 15. b4 Qe7 16. c5 Ne6 17. Be3 Rf8 18. Nh4 Nd4 19. Bxd4 exd4 20. Ne2 Rd8 21. Rd2 Be6 22. Rbd1 a5 23. Nxd4 Bxd4 24. Rxd4 Rxd4 25. Rxd4 axb4 26. Rxb4 Rxa2 27. Rb2 Ra1 28. Rb1 Ra5 29. Rc1 Ra2 30. Qc3 Qf6 31. Qe3 Qb2 32. Rd1 Ra1 33. Rd8+ Kg7 34. Nf5+ Bxf5 35. exf5 Qb1 36. Qd3 Qxd3 37. Rxd3 gxf5 38. Rb3 f4 39. g4 Nf6 40. Kg2 Ne4 41. Rxb7 f3+ 42. Kxf3 Nd2+ 43. Ke2 Nxf1 44. Rb6 Nh2 45. Rxc6 Ra2+ 46. Ke3 Ra3+ 47. Ke4 Rxh3 48. g5 Nf3 49. Kf4 Nd4 50. Rc8 Rc3 51. Ke5 Ne6 52. c6 Rc5+ 53. Kd6 Rxg5 54. Re8 Rd5+ 0-1

[Event "GER-ch 75th"]
[Site "Hoeckendorf"]
[Date "2004.02.02"]
[Round "4"]
[White "Rabiega, Robert"]
[Black "Espig, Lutz"]
[Result "0-1"]
[WhiteElo "2527"]
[BlackElo "2429"]
[EventDate "2004.01.30"]
[PlyCount "92"]

1. e4 c5 2. Nf3 e6 3. d3 Nc6 4. c3 d5 5. Qe2 d4 6. g3 e5 7. cxd4 Bg4 8. Qd1 Nxd4 9. Be2 Nxe2 10. Qxe2 f6 11. h3 Be6 12. Kf1 Qd7 13. Kg2 Rd8 14. Ne1 Ne7 15. Nc3 Nc6 16. f4 Be7 17. Be3 O-O 18. f5 Bf7 19. Rd1 Nd4 20. Qf2 Qc6 21. b3 Rd7 22. Bxd4 cxd4 23. Nb1 Rc8 24. Qb2 Rdc7 25. Rf1 Bb4 26. Rf2 Qa6 27. Nc2 Bc3 28. Nxc3 Rxc3 29. Ne1 Qa5 30. g4 Qb4 31. Nf3 Qc5 32. Ne1 Kf8 33. Qd2 h6 34. h4 Ke7 35. Rb1 a5 36. Kf1 b6 37. Rg2 Rc1 38. Rxc1 Qxc1 39. Qxc1 Rxc1 40. Rc2 Rxc2 41. Nxc2 a4 42. bxa4 Bxa2 43. Nb4 Bg8 44. a5 bxa5 45. Nc6+ Kd6 46. Nxa5 Kc7 0-1

[Event "GER-ch 75th"]
[Site "Hoeckendorf"]
[Date "2004.02.02"]
[Round "4"]
[White "Stanke, Juergen"]
[Black "Latzke, Boris Alexander"]
[Result "0-1"]
[WhiteElo "2313"]
[BlackElo "2246"]
[EventDate "2004.01.30"]
[PlyCount "94"]

1. c4 Nf6 2. Nc3 e6 3. e4 d5 4. e5 d4 5. exf6 dxc3 6. bxc3 Qxf6 7. Nf3 e5 8. Bd3 Bd6 9. O-O O-O 10. Qc2 h6 11. Bh7+ Kh8 12. Be4 Nd7 13. d4 c6 14. Re1 Qd8 15. Bb2 Nf6 16. dxe5 Nxe4 17. Qxe4 Bc5 18. Rab1 Be6 19. Bc1 Qd7 20. Rb2 Rfe8 21. Rd2 Qc7 22. Rd3 Rad8 23. Nd4 Bxd4 24. cxd4 Bxc4 25. Rg3 Re6 26. Qh4 Rde8 27. Rge3 Qd8 28. Qf4 Rg6 29. Rg3 Rxg3 30. hxg3 Bxa2 31. Qe3 Bd5 32. Qa3 a5 33. Bd2 b6 34. Qc1 Kg8 35. g4 Qh4 36. Re3 Re6 37. f3 Qd8 38. Bc3 b5 39. Qe1 b4 40. Bb2 Rg6 41. Re2 Qb6 42. Qa1 Qb5 43. Kf2 a4 44. Bc1 a3 45. Rd2 c5 46. dxc5 Qxc5+ 47. Qd4 Rc6 0-1

[Event "GER-ch 75th"]
[Site "Hoeckendorf"]
[Date "2004.02.02"]
[Round "4"]
[White "Thinius, Marco"]
[Black "Scherer, Max"]
[Result "1-0"]
[WhiteElo "2387"]
[BlackElo "2285"]
[EventDate "2004.01.30"]
[PlyCount "87"]

1. e4 e6 2. d4 b6 3. Nf3 Bb7 4. Bd3 c5 5. c3 Nf6 6. Qe2 Be7 7. O-O Nc6 8. dxc5 bxc5 9. e5 Nd5 10. c4 Nb6 11. Nc3 g5 12. Nb5 g4 13. Ng5 a6 14. Nd6+ Bxd6 15. exd6 Qf6 16. Ne4 Qe5 17. Bg5 Nd4 18. Nf6+ Qxf6 19. Bxf6 Nxe2+ 20. Bxe2 Rg8 21. Bd3 Rf8 22. Rad1 a5 23. Rfe1 Nc8 24. Bxh7 Ra6 25. Re5 Rxd6 26. Rxd6 Nxd6 27. Rxc5 Bc6 28. Rxa5 Nc8 29. b4 d6 30. Bg7 f5 31. Bg6+ Ke7 32. Bxf8+ Kxf8 33. h3 Kg7 34. Bh5 gxh3 35. gxh3 Kf6 36. Ra6 Bb7 37. Ra3 e5 38. Rg3 Ne7 39. a4 f4 40. Ra3 Nc6 41. Bf3 Kf5 42. b5 Na5 43. Bxb7 Nxb7 44. a5 1-0

[Event "GER-ch 75th"]
[Site "Hoeckendorf"]
[Date "2004.02.02"]
[Round "4"]
[White "Tischbierek, Raj"]
[Black "Muse, Mladen"]
[Result "1/2-1/2"]
[WhiteElo "2507"]
[BlackElo "2452"]
[EventDate "2004.01.30"]
[PlyCount "85"]

1. e4 c5 2. Nf3 d6 3. d4 cxd4 4. Nxd4 Nf6 5. Nc3 g6 6. Be3 Bg7 7. f3 Nc6 8. Qd2 O-O 9. O-O-O Nxd4 10. Bxd4 Be6 11. g4 Qa5 12. a3 Rfc8 13. h4 h6 14. Be2 Rc6 15. Nd5 Qxd2+ 16. Rxd2 Bxd5 17. exd5 Rc7 18. Kb1 Nd7 19. Be3 Nc5 20. c3 a6 21. Rc2 b5 22. c4 bxc4 23. Bxc4 a5 24. Bb5 Rb8 25. a4 e6 26. Rd1 exd5 27. Rxd5 Bf8 28. h5 g5 29. f4 gxf4 30. Bxf4 Ne6 31. Bd2 Rxc2 32. Kxc2 Nc7 33. Rf5 Ne6 34. Be3 Bg7 35. b3 Rc8+ 36. Bc4 Be5 37. Kd1 Kg7 38. Bd2 Ra8 39. Rf3 Ra7 40. Rd3 Nc5 41. Rd5 Ra8 42. Kc2 Rc8 43. Bxa5 1/2-1/2

[Event "GER-ch 75th"]
[Site "Hoeckendorf"]
[Date "2004.02.02"]
[Round "4"]
[White "Voigt, Roland"]
[Black "Roeschlau, Bernd"]
[Result "1-0"]
[WhiteElo "2381"]
[BlackElo "2295"]
[EventDate "2004.01.30"]
[PlyCount "85"]

1. c4 e5 2. e3 Nf6 3. a3 c6 4. Nf3 Bd6 5. d3 O-O 6. Qc2 Bc7 7. Nbd2 d5 8. b4 Re8 9. Bb2 a5 10. Rb1 axb4 11. axb4 Na6 12. b5 Nb4 13. Qb3 Nxd3+ 14. Bxd3 e4 15. Be2 exf3 16. gxf3 Ba5 17. Rd1 c5 18. cxd5 Nxd5 19. Rg1 g6 20. Bc4 Be6 21. Rg3 Qd7 22. Kf1 Bxd2 23. Kg2 Nb6 24. Bxe6 Rxe6 25. Qc2 Rd8 26. Rg4 Qd5 27. Bc1 Rf6 28. Re4 Qf5 29. Rxd2 Qxf3+ 30. Kg1 Nd5 31. Bb2 Rfd6 32. Qc4 b6 33. Rxd5 Rxd5 34. Qxd5 Qd1+ 35. Qxd1 Rxd1+ 36. Kg2 f5 37. Re6 Rb1 38. Be5 Rxb5 39. Bc7 c4 40. Bxb6 c3 41. Bd4 f4 42. Rc6 fxe3 43. fxe3 1-0

[Event "GER-ch 75th"]
[Site "Hoeckendorf"]
[Date "2004.02.03"]
[Round "5"]
[White "Bastian, Herbert"]
[Black "Giessmann, Stephan"]
[Result "1/2-1/2"]
[WhiteElo "2384"]
[BlackElo "2287"]
[EventDate "2004.01.30"]
[PlyCount "116"]

1. e4 e6 2. d4 d5 3. e5 c5 4. c3 Nc6 5. Nf3 Qb6 6. a3 c4 7. g3 f6 8. exf6 Nxf6 9. Bg2 Bd6 10. O-O O-O 11. Qe2 Kh8 12. Ne5 Nd7 13. f4 Ndxe5 14. fxe5 Rxf1+ 15. Kxf1 Be7 16. Nd2 Bd7 17. Nf3 Be8 18. Kg1 Bg6 19. Be3 Rf8 20. Qd2 Bd3 21. Re1 Rf5 22. Bf4 Rf8 23. Re3 Qd8 24. Rxd3 cxd3 25. Bh3 Qb6 26. Ne1 g5 27. Be3 Na5 28. Nxd3 Nc4 29. Qe2 Nxe3 30. Qxe3 Qb3 31. Qc1 Qb6 32. Qd1 Kg7 33. Qg4 Qb3 34. Qe2 Qa2 35. Bxe6 Bxa3 36. g4 Qb1+ 37. Kg2 Qa2 38. Bf5 Be7 39. e6 Qb1 40. Qe5+ Kg8 41. Qxd5 Qc2+ 42. Nf2 Qxb2 43. Qd7 Qa3 44. Qxb7 Qd6 45. Ne4 Qf4 46. Ng3 Qd2+ 47. Kh3 Rf6 48. Qa8+ Bf8 49. Qf3 Rh6+ 50. Nh5 Bd6 51. Qa8+ Bf8 52. Qf3 Bd6 53. Qa8+ Bf8 54. Qe4 Bd6 55. Bxh7+ Rxh7 56. Qg6+ Kf8 57. Qf6+ Kg8 58. Qg6+ Kf8 1/2-1/2

[Event "GER-ch 75th"]
[Site "Hoeckendorf"]
[Date "2004.02.03"]
[Round "5"]
[White "Bischoff, Klaus"]
[Black "Meister, Jakob [RUS]"]
[Result "1/2-1/2"]
[WhiteElo "2561"]
[BlackElo "2488"]
[EventDate "2004.01.30"]
[PlyCount "143"]

1. c4 e6 2. Nc3 d5 3. d4 Nf6 4. cxd5 exd5 5. Bg5 c6 6. e3 Qb6 7. Qd2 Ne4 8. Nxe4 dxe4 9. Ne2 Bb4 10. Nc3 Qa5 11. Bh4 Be6 12. Be2 Nd7 13. O-O Nb6 14. Rfc1 O-O 15. a3 Bxc3 16. Rxc3 Qd5 17. Rac1 Qd7 18. Bd1 Nd5 19. Rc5 Rac8 20. Bg3 b6 21. R5c2 Ne7 22. Be2 a5 23. b4 Bb3 24. Rb2 a4 25. Bd1 Bxd1 26. Qxd1 b5 27. Rbc2 Qe6 28. Rc5 f6 29. R1c2 Rfd8 30. h3 Rd5 31. R5c3 Rf5 32. Rc1 Kf7 33. Qg4 h5 34. Qe2 Ke8 35. Kf1 Kd7 36. Ke1 Rh8 37. h4 Rd5 38. Bf4 Rf5 39. Bg3 Rc8 40. R3c2 Rd5 41. Bf4 Rh8 42. Kf1 Qg4 43. f3 Qe6 44. fxe4 Qxe4 45. Qf3 Qxf3+ 46. gxf3 Rf5 47. Ke2 g5 48. Bg3 g4 49. f4 Rd5 50. e4 Rxd4 51. Ke3 Rd6 52. f5 Re8 53. Rc5 Nd5+ 54. Kf2 Rxe4 55. Bxd6 Kxd6 56. Rxc6+ Ke5 57. Rd1 Rf4+ 58. Kg1 Rxf5 59. Rc5 Kd6 60. Rxb5 Re5 61. Rc5 f5 62. Rc4 Ke6 63. Rc6+ Ke7 64. Rc5 Ke6 65. b5 f4 66. b6 Nxb6 67. Rc6+ Kf5 68. Rxb6 g3 69. Rb4 Kg4 70. Rf1 Re2 71. Rbxf4+ Kh3 72. Rxa4 1/2-1/2

[Event "GER-ch 75th"]
[Site "Hoeckendorf"]
[Date "2004.02.03"]
[Round "5"]
[White "Espig, Lutz"]
[Black "Graf, Alexander"]
[Result "0-1"]
[WhiteElo "2429"]
[BlackElo "2629"]
[EventDate "2004.01.30"]
[PlyCount "280"]

1. Nf3 c5 2. c4 Nc6 3. Nc3 g6 4. e3 Bg7 5. d4 d6 6. Be2 Bd7 7. O-O Nh6 8. d5 Na5 9. e4 O-O 10. Bf4 f6 11. Nd2 f5 12. f3 Rf7 13. Nb3 fxe4 14. fxe4 Rf8 15. e5 Rxf4 16. Rxf4 Bxe5 17. Rf1 Nf5 18. Nxa5 Ne3 19. Nxb7 Qc7 20. Qd3 Nxf1 21. Rxf1 Qxb7 22. b3 Rf8 23. Rxf8+ Kxf8 24. Ne4 Bf5 25. g4 Bxe4 26. Qxe4 Qb4 27. Bd3 Qd2 28. Qe2 Qg5 29. Kg2 Kg7 30. h3 Qf4 31. Qf3 Qh2+ 32. Kf1 Qxa2 33. Be2 Bf6 34. Bd1 Qd2 35. Be2 a5 36. Qd3 Qc1+ 37. Kg2 Be5 38. Bd1 Qf4 39. Qf3 Qd2+ 40. Qe2 Qc3 41. Qf3 Qe1 42. Qd3 Bd4 43. Qf1 Qe3 44. h4 Qe4+ 45. Bf3 Qf4 46. Bd1 Qe3 47. h5 Kh6 48. Qe2 Qg1+ 49. Kf3 Qh1+ 50. Kf4 Be5+ 51. Ke3 Qg1+ 52. Kd2 Bf4+ 53. Kc2 Qd4 54. Qd3 Qa1 55. Qe2 Bg5 56. Kd3 Qc1 57. Ke4 Qf4+ 58. Kd3 Kg7 59. Kc2 Qc1+ 60. Kd3 Qa1 61. Ke4 Qc3 62. Qd3 Qe1+ 63. Qe2 Qg3 64. hxg6 hxg6 65. Qb2+ Kf7 66. Qe2 Qf4+ 67. Kd3 Qd4+ 68. Kc2 Bf6 69. Kb1 Qc3 70. Qa2 Kg7 71. Qe2 Be5 72. Qa2 Kh6 73. Qe2 Kg5 74. Qa2 Bf6 75. Qe2 Qa1+ 76. Kc2 Qb2+ 77. Kd3 Qc3+ 78. Ke4 Bd4 79. Qf3 Qc1 80. Qe2 Kf6 81. Qd3 Be5 82. Qe2 Kg7 83. Kd3 Qc3+ 84. Ke4 Qd4+ 85. Kf3 Qf4+ 86. Kg2 Qh2+ 87. Kf3 Qg3+ 88. Ke4 a4 89. bxa4 Qf4+ 90. Kd3 Qd4+ 91. Kc2 Qc3+ 92. Kb1 Qa1+ 93. Kc2 Qxa4+ 94. Kd3 Qa1 95. Ke3 Qd4+ 96. Kf3 Qf4+ 97. Kg2 Qh2+ 98. Kf3 Qf4+ 99. Kg2 Qg3+ 100. Kf1 Qh3+ 101. Qg2 Qh6 102. Qf3 Bd4 103. Ke2 Qh2+ 104. Kd3 Bf6 105. Qe2 Qg1 106. Kc2 Qd4 107. Kb1 Qc3 108. Qa2 Kh6 109. Qe2 Kg5 110. Qa2 Bd4 111. Qe2 Be3 112. Qc2 Qb4+ 113. Ka2 Qe1 114. Qe2 Qc3 115. Kb1 Qc1+ 116. Ka2 Bd4 117. Qxe7+ Bf6 118. Qe2 Qa1+ 119. Kb3 Qb1+ 120. Ka3 Be5 121. Qc2 Qa1+ 122. Kb3 Bf4 123. Qe2 Qb1+ 124. Kc3 Be5+ 125. Kd2 Qb4+ 126. Ke3 Qc3+ 127. Kf2 Qg3+ 128. Kf1 Bd4 129. Qf3 Qg1+ 130. Ke2 Qh2+ 131. Kf1 Kh4 132. Qg2 Qf4+ 133. Qf3 Qc1 134. Kg2 Qxc4 135. Qg3+ Kg5 136. Qxd6 Qa2+ 137. Kh1 Qf2 138. Qe7+ Bf6 139. Qe2 Qd4 140. Qf3 Be5 0-1

[Event "GER-ch 75th"]
[Site "Hoeckendorf"]
[Date "2004.02.03"]
[Round "5"]
[White "Kalinitschew, Sergey"]
[Black "Braun, Arik"]
[Result "1-0"]
[WhiteElo "2519"]
[BlackElo "2429"]
[EventDate "2004.01.30"]
[PlyCount "83"]

1. d4 d5 2. c4 c6 3. e3 Nf6 4. Nf3 Bg4 5. h3 Bh5 6. cxd5 cxd5 7. g4 Bg6 8. Ne5 Nbd7 9. Nc3 e6 10. h4 h6 11. Nxg6 fxg6 12. Bd3 Kf7 13. Qf3 Bb4 14. g5 hxg5 15. hxg5 Rxh1+ 16. Qxh1 Ne4 17. Qf3+ Ke7 18. Bxe4 dxe4 19. Qxe4 Bxc3+ 20. bxc3 Qa5 21. Rb1 Rh8 22. Rxb7 Qxc3+ 23. Bd2 Qa1+ 24. Ke2 Qxa2 25. Qc6 Rd8 26. e4 a5 27. Qc5+ Ke8 28. Qc6 Ke7 29. d5 exd5 30. exd5 Kf8 31. Qd6+ Kg8 32. Qe6+ Kh7 33. Qh3+ Kg8 34. Qe6+ Kh7 35. Rxd7 Qc4+ 36. Kf3 Rf8+ 37. Rf7 Qd3+ 38. Be3 Qd1+ 39. Kf4 Rb8 40. Rxg7+ Kh8 41. Rf7 Rb4+ 42. Ke5 1-0

[Event "GER-ch 75th"]
[Site "Hoeckendorf"]
[Date "2004.02.03"]
[Round "5"]
[White "Kritz, Leonid"]
[Black "Heinemann, Thies"]
[Result "0-1"]
[WhiteElo "2534"]
[BlackElo "2426"]
[EventDate "2004.01.30"]
[PlyCount "88"]

1. e4 c5 2. Nf3 d6 3. d4 cxd4 4. Nxd4 Nf6 5. Nc3 a6 6. Be3 e5 7. Nb3 Be7 8. f3 Be6 9. Qd2 O-O 10. O-O-O Nbd7 11. g4 b5 12. g5 Nh5 13. Nd5 Bxd5 14. exd5 b4 15. Kb1 a5 16. Bb5 Qc7 17. Rhg1 Nb8 18. Rg4 Qb7 19. Ba4 Bd8 20. Qe2 g6 21. Rh4 Ng7 22. Re4 Nh5 23. Rh4 Ng7 24. Bc1 Qa7 25. Rc4 Nd7 26. Re4 Nh5 27. Be3 Bb6 28. Bxd7 Bxe3 29. Bg4 Bxg5 30. Bxh5 f5 31. Rc4 Be3 32. Qg2 Qg7 33. Re1 Bh6 34. Qf2 Kh8 35. Qb6 a4 36. Nc1 a3 37. Qxd6 e4 38. Rxb4 Bd2 39. Rd1 Bxb4 40. Qxb4 Rfb8 41. Qd4 Rxb2+ 42. Ka1 Qxd4 43. Rxd4 Rxc2 44. Nb3 e3 0-1

[Event "GER-ch 75th"]
[Site "Hoeckendorf"]
[Date "2004.02.03"]
[Round "5"]
[White "Luther, Thomas"]
[Black "Ott, Frank"]
[Result "1-0"]
[WhiteElo "2572"]
[BlackElo "2313"]
[EventDate "2004.01.30"]
[PlyCount "85"]

1. e4 c5 2. Nf3 d6 3. d4 cxd4 4. Nxd4 Nf6 5. Nc3 a6 6. Bg5 e6 7. f4 h6 8. Bh4 Be7 9. Qf3 Qc7 10. O-O-O Nbd7 11. Bd3 g5 12. fxg5 Ne5 13. Qe2 Nfg4 14. Nf3 Nxf3 15. Qxf3 hxg5 16. Bg3 Ne5 17. Bxe5 dxe5 18. Rdf1 Rh7 19. h4 b5 20. Kb1 Rg7 21. hxg5 b4 22. g6 bxc3 23. gxf7+ Kd7 24. f8=Q Bxf8 25. Qxf8 Kc6 26. Bc4 Qe7 27. Bxe6 Rb8 28. Bd5+ Kc7 29. Qxe7+ Rxe7 30. b3 Bb7 31. Bxb7 Kxb7 32. Rh3 Rg8 33. Rxc3 Rxg2 34. Rf5 Re2 35. Rc4 Re6 36. Kb2 Kb6 37. a3 a5 38. a4 Rh2 39. Rf8 Kb7 40. Rd8 Rh4 41. Rd5 Kb6 42. Rb5+ Ka6 43. Rc8 1-0

[Event "GER-ch 75th"]
[Site "Hoeckendorf"]
[Date "2004.02.03"]
[Round "5"]
[White "Mueller, Karsten"]
[Black "Thinius, Marco"]
[Result "1-0"]
[WhiteElo "2517"]
[BlackElo "2387"]
[EventDate "2004.01.30"]
[PlyCount "47"]

1. Nf3 Nf6 2. d4 e6 3. g3 b5 4. Bg2 d5 5. O-O c5 6. a4 b4 7. c4 Bb7 8. Ne5 cxd4 9. Qxd4 Nbd7 10. Nxd7 Qxd7 11. Bg5 Rc8 12. Bxf6 Rxc4 13. Qxa7 gxf6 14. Nd2 Rc8 15. Rfc1 Rxc1+ 16. Rxc1 Bd6 17. e4 dxe4 18. Nc4 O-O 19. Bxe4 Bc5 20. Qxb7 Qxa4 21. Qc7 Bd4 22. Qf4 Rd8 23. Qh6 f5 24. Qg5+ 1-0

[Event "GER-ch 75th"]
[Site "Hoeckendorf"]
[Date "2004.02.03"]
[Round "5"]
[White "Muse, Mladen"]
[Black "Rabiega, Robert"]
[Result "1/2-1/2"]
[WhiteElo "2452"]
[BlackElo "2527"]
[EventDate "2004.01.30"]
[PlyCount "27"]

1. e4 Nc6 2. Nf3 e5 3. Bb5 a6 4. Ba4 Nf6 5. O-O Be7 6. Re1 b5 7. Bb3 O-O 8. c3 d6 9. h3 Re8 10. d4 Bb7 11. Ng5 Rf8 12. Nf3 Re8 13. Ng5 Rf8 14. Nf3 1/2-1/2

[Event "GER-ch 75th"]
[Site "Hoeckendorf"]
[Date "2004.02.03"]
[Round "5"]
[White "Riegler, Dieter"]
[Black "Budde, Vladimir"]
[Result "1/2-1/2"]
[WhiteElo "2182"]
[BlackElo "2309"]
[EventDate "2004.01.30"]
[PlyCount "61"]

1. d4 Nf6 2. c4 e6 3. Nc3 Bb4 4. Qc2 c5 5. dxc5 Na6 6. a3 Qa5 7. Bd2 Nxc5 8. O-O-O Bxa3 9. bxa3 Qb6 10. Qb2 Nb3+ 11. Kc2 Qxf2 12. Kxb3 d5 13. cxd5 exd5 14. Ka2 O-O 15. Bg5 d4 16. Bxf6 Be6+ 17. Ka1 gxf6 18. Ne4 Qe3 19. Nxf6+ Kh8 20. Ng4 Bxg4 21. Qxd4+ Qxd4+ 22. Rxd4 Rac8 23. Kb2 Rg8 24. Nf3 a5 25. h3 Rg6 26. hxg4 Rb6+ 27. Ka1 Rc1+ 28. Ka2 Rc2+ 29. Ka1 Rbb2 30. e3 Ra2+ 31. Kb1 1/2-1/2

[Event "GER-ch 75th"]
[Site "Hoeckendorf"]
[Date "2004.02.03"]
[Round "5"]
[White "Roeschlau, Bernd"]
[Black "Reich, Thomas"]
[Result "1-0"]
[WhiteElo "2295"]
[BlackElo "2408"]
[EventDate "2004.01.30"]
[PlyCount "51"]

1. e4 c5 2. Nf3 g6 3. Nc3 Bg7 4. d4 cxd4 5. Nxd4 Nc6 6. Be3 Nf6 7. Bc4 O-O 8. Bb3 d6 9. f3 Bd7 10. Qd2 Rc8 11. O-O-O Ne5 12. h4 Nc4 13. Bxc4 Rxc4 14. h5 Nxh5 15. Nde2 Qa5 16. Bh6 Bxc3 17. Nxc3 Rfc8 18. Qd5 b5 19. Rxh5 Rxc3 20. Qd4 Rxc2+ 21. Kb1 f6 22. Qd5+ Kh8 23. Rhh1 Qb4 24. Bc1 Qc4 25. Rxh7+ Kxh7 26. Rh1+ 1-0

[Event "GER-ch 75th"]
[Site "Hoeckendorf"]
[Date "2004.02.03"]
[Round "5"]
[White "Schurade, Matthias"]
[Black "Degtiarev, Evgeny"]
[Result "1/2-1/2"]
[WhiteElo "2370"]
[BlackElo "2281"]
[EventDate "2004.01.30"]
[PlyCount "93"]

1. e4 e5 2. Nf3 Nc6 3. Bb5 a6 4. Ba4 Nf6 5. O-O Be7 6. Re1 b5 7. Bb3 d6 8. c3 O-O 9. d4 Bg4 10. Be3 exd4 11. cxd4 Na5 12. Bc2 Nc4 13. Bc1 c5 14. b3 Nb6 15. dxc5 dxc5 16. Nbd2 Nfd7 17. Bb2 Re8 18. h3 Bh5 19. e5 Nf8 20. Be4 Rb8 21. Qc2 Bg6 22. Rad1 Ne6 23. Nf1 Qc7 24. Ng3 c4 25. Nd4 Bb4 26. Re3 Bc5 27. Nxe6 Rxe6 28. Rf3 Rd8 29. Rxd8+ Qxd8 30. Bf5 Be7 31. Qe2 Bxf5 32. Nxf5 Bc5 33. Rg3 Rg6 34. e6 Rxg3 35. exf7+ Kxf7 36. Nxg3 Qd5 37. Qg4 g6 38. Qf4+ Ke8 39. Ne4 Be7 40. Qb8+ Qd8 41. Qe5 Qd1+ 42. Kh2 cxb3 43. Ba3 Nc8 44. Qe6 Kd8 45. Bxe7+ Nxe7 46. axb3 Qd4 47. f4 1/2-1/2

[Event "GER-ch 75th"]
[Site "Hoeckendorf"]
[Date "2004.02.03"]
[Round "5"]
[White "Stanke, Juergen"]
[Black "Gutman, Lev"]
[Result "1/2-1/2"]
[WhiteElo "2313"]
[BlackElo "2497"]
[EventDate "2004.01.30"]
[PlyCount "125"]

1. d4 Nf6 2. c4 g6 3. Nc3 Bg7 4. e4 O-O 5. Nf3 d6 6. Be2 Bg4 7. Be3 Nfd7 8. Rc1 c5 9. d5 a6 10. a4 Qb6 11. b3 Ne5 12. Ng1 f5 13. exf5 gxf5 14. Bxg4 Nxg4 15. Bf4 Nd7 16. Nf3 Nde5 17. Ng5 Ng6 18. Bd2 N4e5 19. O-O f4 20. Nce4 Rf5 21. Ne6 h6 22. Rc3 Raf8 23. Rh3 R8f7 24. a5 Qa7 25. Rh5 Qb8 26. Rxf5 Rxf5 27. g4 Rf7 28. g5 Nf8 29. Kh1 Nxe6 30. dxe6 Rf5 31. gxh6 Bxh6 32. Rg1+ Kf8 33. Qc2 Qc8 34. Nxc5 Qc6+ 35. Rg2 Rg5 36. Ne4 Rxg2 37. Kxg2 d5 38. Qc3 Qxe6 39. cxd5 Qg6+ 40. Ng3 fxg3 41. Bxh6+ Qxh6 42. Qxe5 Qxh2+ 43. Kf3 Qxf2+ 44. Kg4 Qf6 45. Qe4 g2 46. Qxg2 Qg6+ 47. Kh3 Qd3+ 48. Kg4 Qxb3 49. Qe4 Qd1+ 50. Kf5 Ke8 51. Ke6 Kd8 52. Qe5 Qg4+ 53. Kf7 Qf3+ 54. Kg7 Qh3 55. Qb8+ Qc8 56. Qf4 Qc7 57. Qf8+ Kd7 58. Qf5+ Kd6 59. Qe6+ Kc5 60. Kf7 Qf4+ 61. Ke8 Qc7 62. Qe3+ Kxd5 63. Qd3+ 1/2-1/2

[Event "GER-ch 75th"]
[Site "Hoeckendorf"]
[Date "2004.02.03"]
[Round "5"]
[White "Stern, Rene"]
[Black "Voigt, Roland"]
[Result "1-0"]
[WhiteElo "2489"]
[BlackElo "2381"]
[EventDate "2004.01.30"]
[PlyCount "173"]

1. d4 Nf6 2. c4 e6 3. Nf3 Be7 4. Nc3 d5 5. Bg5 c6 6. e3 Nbd7 7. Rc1 a5 8. Bd3 dxc4 9. Bxc4 a4 10. O-O a3 11. b3 O-O 12. e4 b5 13. Bd3 b4 14. Na4 Bb7 15. Qe2 Re8 16. Rfd1 Ra5 17. Bd2 Qb8 18. Qe1 Ba8 19. Rc4 Rb5 20. h3 Rd8 21. Rdc1 Nh5 22. Bf1 Nf4 23. g3 Ng6 24. R4c2 Ra5 25. Nc5 Nxc5 26. dxc5 Bb7 27. Bxb4 Ra8 28. Ba5 Rd7 29. Rd2 Nf8 30. Bb6 Bc8 31. Ba5 h6 32. Kg2 Rxd2 33. Bxd2 Qa7 34. Be3 Nd7 35. Qc3 Nf6 36. Qc2 Ba6 37. Bxa6 Qxa6 38. Ne5 Rd8 39. Nc4 Ne8 40. Rd1 Rxd1 41. Qxd1 Nf6 42. f3 Qb5 43. Qc1 Bxc5 44. Bxc5 Qxc5 45. Qxa3 Qg5 46. h4 Qb5 47. Qa5 Qb7 48. Qb6 Qd7 49. Qb8+ Kh7 50. Qd6 Qb7 51. Qd3 Nh5 52. e5+ g6 53. Nd6 Qa7 54. a4 f6 55. exf6 Nxf6 56. Ne4 Nd5 57. h5 Kg7 58. hxg6 Ne3+ 59. Kh3 Nd5 60. Kh2 Qb6 61. f4 Qb4 62. Kg2 Qe1 63. Nf2 Qb4 64. Qe4 Qxb3 65. Qe5+ Kxg6 66. Qxe6+ Kg7 67. Qd7+ Kg8 68. Qxc6 Ne3+ 69. Kh3 Qf7 70. Qxh6 Qd7+ 71. g4 Qd2 72. Qe6+ Kg7 73. Ne4 Qb4 74. Ng3 Qa3 75. Qd7+ Kf8 76. Qc8+ Ke7 77. Qb7+ Kf8 78. Qf3 Qc5 79. a5 Nd5 80. a6 Qc6 81. a7 Kf7 82. Nf5 Qa8 83. Kg3 Qd8 84. Ne3 Nb6 85. Qb7+ Kg6 86. Qb8 Qd4 87. Qg8+ 1-0

[Event "GER-ch 75th"]
[Site "Hoeckendorf"]
[Date "2004.02.03"]
[Round "5"]
[White "Wegener, Olaf"]
[Black "Scherer, Max"]
[Result "1-0"]
[WhiteElo "2404"]
[BlackElo "2285"]
[EventDate "2004.01.30"]
[PlyCount "205"]

1. e4 e6 2. d4 b6 3. Bd3 Bb7 4. Qe2 f5 5. Nd2 Nf6 6. Ngf3 fxe4 7. Nxe4 Nc6 8. c3 Be7 9. Nxf6+ Bxf6 10. d5 Ne7 11. dxe6 dxe6 12. O-O Qd6 13. Bb5+ c6 14. Rd1 Nd5 15. Ba4 b5 16. Bb3 O-O 17. Be3 a6 18. c4 bxc4 19. Bxc4 c5 20. Bxc5 Qxc5 21. Qxe6+ Kh8 22. Bxd5 Rae8 23. Rac1 Qb5 24. a4 Qxa4 25. Qb6 Bxd5 26. Rxd5 Rb8 27. Ra5 Rxb6 28. Rxa4 Bxb2 29. Rc2 Bf6 30. Kf1 Re8 31. g3 h6 32. Nd2 Ree6 33. Ne4 Be7 34. Rcc4 Rb5 35. Rc8+ Kh7 36. Ra8 a5 37. Nd2 Rb2 38. Nc4 Rb1+ 39. Kg2 Bb4 40. Nxa5 Bxa5 41. R8xa5 Rb2 42. Rf4 Rb7 43. h4 Rbe7 44. h5 Re5 45. Rf5 Rxa5 46. Rxa5 Rf7 47. g4 Rf4 48. Kg3 Rb4 49. f3 Rc4 50. Re5 Kg8 51. Re4 Rc5 52. Kf4 Rc3 53. Rd4 Kf7 54. Ke4 Ra3 55. Rd7+ Kf6 56. Rd6+ Ke7 57. Rd5 Ke6 58. Rf5 Ra4+ 59. Ke3 Ra2 60. Kf4 Ra4+ 61. Kg3 Ra1 62. Rb5 Ra4 63. Rb3 Kf6 64. Re3 Rb4 65. Re4 Rb3 66. Kf4 Ra3 67. Rc4 Rb3 68. Ke4 Ra3 69. Rc6+ Kf7 70. Rd6 Ke7 71. Rd3 Ra5 72. Rd5 Ra3 73. f4 Ke6 74. Re5+ Kf6 75. g5+ hxg5 76. fxg5+ Kf7 77. Kf5 Rf3+ 78. Kg4 Rf1 79. Re3 Rg1+ 80. Rg3 Rh1 81. Rf3+ Kg8 82. Ra3 Kh7 83. Ra4 Rg1+ 84. Kf5 Rh1 85. Ra7 Rxh5 86. Ra8 g6+ 87. Kf6 Rh1 88. Ra7+ Kg8 89. Kxg6 Kf8 90. Ra8+ Ke7 91. Kg7 Rg1 92. g6 Rg2 93. Ra1 Rg3 94. Re1+ Kd7 95. Kf7 Rf3+ 96. Kg8 Rg3 97. g7 Rh3 98. Re4 Rh1 99. Kf7 Rf1+ 100. Kg6 Rg1+ 101. Kf6 Rf1+ 102. Kg5 Rg1+ 103. Rg4 1-0